00365 a2200097 4500001001000000005001700010008004100027245010100068100002500169773007300194ART_1069320260410161831.0260409a 10a¿Terrorismo versus capitalismo?. Consecuencias para Argentina y países hispanos seleccionados1 aColomé, Rinaldo A.0 tActualidad Económicag- Año XV, Nº 56 (ene./jul. 2005)wREV5083